| 000 | 00646nam a22001695i 4500 | ||
|---|---|---|---|
| 001 | 156736 | ||
| 003 | ES-MaACL | ||
| 005 | 20230906210502.0 | ||
| 008 | 040809s1860 fr |||| | fre d | ||
| 040 |
_aCAM _bspa _cCAM |
||
| 100 | 1 |
_aLa Rigaudière, E. _9128526 |
|
| 245 | 1 | 0 |
_aHistoire des persécutions religieuses en Espagne _b: juifs, mores, protestants / _cpar E. La Rigaudière. |
| 260 |
_aParis : _bLibrairie Nouvelle : _bA. Bourdilliat et c\pie\s éditeurs, _c1860 ( _fImp. Simon Raçon et comp.) |
||
| 300 |
_aXV, 340 p. ; _c18 cm. |
||
| 650 | 4 |
_aPersecuciones religiosas- _zEspaña. _9141976 |
|
| 852 |
_aES-MaACL _jG-8676 _z-- Enc. hol. |
||
| 999 |
_c156736 _d156736 |
||